Dr. Berecz János szegedi professzort a budapesti egyetem nőgyógyászati tanszékére jelölték
Elmentve itt :
| Dokumentumtípus: | Cikk |
|---|---|
| Megjelent: |
1929-05-18
|
| Sorozat: | Délmagyarország
5 No. 111 |
| Kulcsszavak: | Berecz János |
| Online Access: | http://dmarchiv.bibl.u-szeged.hu/31757 |
| LEADER | 00466nab a2200145 i 4500 | ||
|---|---|---|---|
| 001 | delm31757 | ||
| 005 | 20180927103431.0 | ||
| 008 | 180927s1929 hu o 0|| hun d | ||
| 040 | |a SZTE Délmagyarország Archívum |b hun | ||
| 041 | |a hun | ||
| 245 | 0 | 0 | |a Dr. Berecz János szegedi professzort a budapesti egyetem nőgyógyászati tanszékére jelölték |h [elektronikus dokumentum] |
| 260 | |c 1929-05-18 | ||
| 300 | |a 2 | ||
| 490 | 0 | |a Délmagyarország |v 5 No. 111 | |
| 695 | |a Berecz János | ||